music trivia: 2010 songs and artists - Statistics

General Stats
  • This quiz has been taken 1,138 times
    1,095 since last reset
  • The average score is 10 of 15
Answer Stats
This song was performed by... ...this artist or group % Correct
Rolling in the Deep Adele
97%
Firework Katy Perry
95%
Waka Waka (This Time for Africa) Shakira
94%
Party in the U.S.A. Miley Cyrus
90%
Just the Way You Are Bruno Mars
87%
Hey, Soul Sister Train
74%
You Belong with Me Taylor Swift
73%
Alejandro Lady Gaga
72%
Fireflies Owl City
61%
Sex on Fire Kings of Leon
52%
Forget You Cee-Lo Green
50%
Pumped Up Kicks Foster the People
48%
Haven't Met You Yet Michael Buble
41%
Need You Now Lady Antebellum
37%
Already Gone Kelly Clarkson
23%
No matching quizzes found
Score Distribution
Percent of People with Each Score
Percentile by Number Answered
Your Score History
You have not taken this quiz since the last reset